000 01144nam a22002417a 4500
999 _c1953
_d1953
003 AR-CdUCM
008 190228b ||||| |||| 00| 0 spa d
040 _aMUNICIPALIDAD PROVINCIAL DEL CUSCO
_cBIBLIOTECA MUNICIPAL DEL CUSCO
082 _a320.014 /
_bP78
100 _aPortales, Diego
_97138
245 _aComunicación transnacional :
_bconflicto político y cultural /
260 _aLima :
_bDesco,
_bIlet,
_c1982.
300 _a186 páginas ;
_bcuadros,
_c20 cm.
505 _aContenido: Comunicación y cultura transnacionales --Reflexiones sobre la transnacionalización de la cultura --La publicidad y el imparto sociocultural en las sociedades periféricas -- Las nuevas tecnologías en comunicaciones y la información y poder internacional -- Comunicación alternativa y desarrollo solidario ante el mundo transnacional.
650 _aComunicación transnacional
_97139
650 _aPolítica internacional
_91555
650 _aTecnología y comunicación
_97140
700 _aRoncagliolo, Rafael
_97141
700 _aCasullo, Nicolas
_97142
700 _aJanus, Noreene (coautores)
_97143
942 _2ddc
_cLIBROS
945 _aachl